LIBRARY & INFORMATION CENTRE, KCAET, TAVANUR

ONLINE PUBLIC ACCESS CATALOGUE (OPAC)

A Hand Book For Food Techno's (Record no. 14238)

MARC details
000 -LEADER
fixed length control field 00325nam a22001337a 4500
020 ## - INTERNATIONAL STANDARD BOOK NUMBER
ISBN 9789381450895
082 ## - DEWEY DECIMAL CLASSIFICATION NUMBER
Classification number 664
Item number POS/HA
100 ## - MAIN ENTRY--AUTHOR NAME
Personal name Poshadri, A.
-- Kuna Aparna
245 ## - TITLE STATEMENT
Title A Hand Book For Food Techno's
250 ## - EDITION STATEMENT
Edition statement 1
260 ## - PUBLICATION, DISTRIBUTION, ETC. (IMPRINT)
Place of publication New Delhi
Name of publisher New India Publishing Agency
Year of publication 2013
300 ## - PHYSICAL DESCRIPTION
Number of Pages 764
942 ## - ADDED ENTRY ELEMENTS (KOHA)
Koha item type Reference
Holdings
Withdrawn status Lost status Damaged status Collection code Home library Current library Shelving location Date acquired Source of acquisition Cost, normal purchase price Full call number Accession Number Koha item type
      Reference KAUAET KAUAET Reference1 07/06/2016 Southern Book Center, Tvm 2495.00 664 POS/HA 24903 Reference
free website counter